UFC: World MMA Awards Female Fighter of the Year - Statistics

General Stats
  • This quiz has been taken 81 times
  • The average score is 12 of 15
Answer Stats
Year Fighter % Correct
2019-20 Amanda Nunes
99%
2018 Amanda Nunes
99%
2016 Amanda Nunes
99%
2014 Ronda Rousey
94%
2013 Ronda Rousey
94%
2012 Ronda Rousey
94%
2021-22 Valentina Shevchenko
90%
2015 Holly Holm
83%
2010 Cris Cyborg
77%
2009 Cris Cyborg
77%
2022-23 Alexa Grasso
76%
2020-21 Rose Namajunas
73%
2017 Rose Namajunas
73%
2011 Miesha Tate
57%
2008 Gina Carano
26%
No matching quizzes found
Score Distribution
Percent of People with Each Score
Percentile by Number Answered
Your Score History
You have not taken this quiz